000
00335 a2200157 4500
001
75473
020
_a
8516017834
040
_c
Anchieta - Colégio São Paulo
100
_a
Boccanera, Silio
240
1
0
_a
Jogo duplo
_l
por
245
1
0
_a
Jogo duplo
300
_a
220
362
0
_a
1997
650
4
_a
Ficção brasileira
942
_c
BK
999
_c
75473
_d
75473